The costly bonus: cocaine related crime among methadone treatment clients

Gespeichert in:  
Bibliographische Detailangaben
1. VerfasserIn: Hunt, D. (Verfasst von)
Medienart: Druck Aufsatz
Sprache:Englisch
Veröffentlicht: 1986
In: Advances in alcohol & substance abuse
Jahr: 1986, Band: 6, Heft: 2, Seiten: 107-122
Verfügbarkeit prüfen: HBZ Gateway
Schlagwörter:

MARC

LEADER 00000caa a22000002c 4500
001 1633586006
003 DE-627
005 20220607141539.0
007 tu
008 131031s1986 xx ||||| 00| ||eng c
035 |a (DE-627)1633586006 
035 |a (DE-576)395145252 
035 |a (DE-599)BSZ395145252 
040 |a DE-627  |b ger  |c DE-627  |e rakwb 
041 |a eng 
100 1 |a Hunt, D.  |4 aut 
245 1 4 |a The costly bonus  |b cocaine related crime among methadone treatment clients  |c D. Hunt 
264 1 |c 1986 
336 |a Text  |b txt  |2 rdacontent 
337 |a ohne Hilfsmittel zu benutzen  |b n  |2 rdamedia 
338 |a Band  |b nc  |2 rdacarrier 
773 0 8 |i In  |t Advances in alcohol & substance abuse  |d New York, NY : Haworth Press, 1981  |g 6(1986), 2, Seite 107-122  |w (DE-627)167913328  |w (DE-600)604533-9  |w (DE-576)015902056  |x 0270-3106  |7 nnas 
773 1 8 |g volume:6  |g year:1986  |g number:2  |g pages:107-122 
951 |a AR 
ELC |b 1 
LOK |0 000 xxxxxcx a22 zn 4500 
LOK |0 001 3287386204 
LOK |0 003 DE-627 
LOK |0 004 1633586006 
LOK |0 005 20260223090010 
LOK |0 008 131031||||||||||||||||ger||||||| 
LOK |0 040   |a DE-21-110  |c DE-627  |d DE-21-110 
LOK |0 689   |a s  |a Methadonprogramm 
LOK |0 852   |z Kein Bestand am IfK; Nachweis für KrimDok 
LOK |0 852   |a DE-21-110 
LOK |0 852 1  |m v  |9 00 
LOK |0 935   |a k110 
LOK |0 938   |k v 
LOK |0 939   |a 31-10-13  |b l01 
ORI |a WA-MARC-krimdoka001.raw